John Mackey Award winners - Statistics

General Stats
  • This quiz has been taken 14 times
  • The average score is 5 of 23
Answer Stats
Year College Answer % Correct
2022 Georgia Brock Bowers
92%
2020 Florida Kyle Pitts
85%
2016 Michigan Jake Butt
69%
2017 Oklahoma Mark Andrews
62%
2018 Iowa T.J. Hockenson
62%
2021 Colorado State Trey McBride
54%
2009 Florida Aaron Hernandez
38%
2015 Arkansas Hunter Henry
31%
2007 USC Fred Davis
8%
2019 Florida Atlantic Harrison Bryant
8%
2003 Miami (FL) Kellen Winslow
8%
2005 UCLA Marcedes Lewis
8%
2006 Minnesota Matt Spaeth
8%
2014 Florida State Nick O'Leary
8%
2012 Notre Dame Tyler Eifert
8%
2013 Washington Austin Sefarian-Jenkins
0%
2008 Missouri Chase Coffman
0%
2002 Iowa Dallas Clark
0%
2001 Colorado Daniel Graham
0%
2010 Arkansas D.J. Williams
0%
2011 Clemson Dwayne Allen
0%
2004 Virginia Heath Miller
0%
2000 Purdue Tim Stratton
0%
No matching quizzes found
Score Distribution
Percent of People with Each Score
Percentile by Number Answered
Your Score History
You have not taken this quiz